La physique moderne (Record no. 160597)

MARC details
000 -LEADER
campo de control de longitud fija 00740nam a22002055i 4500
001 - NÚMERO DE CONTROL
campo de control 160597
003 - IDENTIFICADOR DE NÚMERO DE CONTROL
campo de control ES-MaACL
005 - FECHA Y HORA DE LA ÚLTIMA TRANSACCIÓN
campo de control 20250725062544.0
008 - DATOS DE LONGITUD FIJA--INFORMACIÓN GENERAL
campo de control de longitud fija 000717s1883 fr |||| | fre d
040 ## - FUENTE DE CATALOGACIÓN
Centro catalogador/agencia de origen CCPB | B
Lengua de catalogación spa
Centro/agencia transcriptor CCPB | B
100 1# - ENTRADA PRINCIPAL--NOMBRE DE PERSONA
Nombre de persona Naville, Ernest,
Fechas asociadas al nombre 1816-1909
9 (RLIN) 85233
245 13 - MENCIÓN DEL TÍTULO
Título La physique moderne
Resto del título : études historiques et philosophiques /
Mención de responsabilidad, etc. par Ernest Naville.
260 ## - PUBLICACIÓN, DISTRIBUCIÓN, ETC.
Lugar de publicación, distribución, etc. Paris :
Nombre del editor, distribuidor, etc. librairie Germer Baillière et C\pie\s,
Fecha de publicación, distribución, etc. 1883 (
Lugar de fabricación/manufactura Abbeville :
Fabricante typ. et stér. Gustave Retaux)
300 ## - DESCRIPCIÓN FÍSICA
Extensión 278 p. ;
Dimensiones 22 cm.
650 #7 - PUNTO DE ACCESO ADICIONAL DE MATERIA--TÉRMINO DE MATERIA
Término de materia o nombre geográfico como elemento de entrada Física
Fuente del encabezamiento o término embne
9 (RLIN) 12877
752 ## - ENTRADA AGREGADA--NOMBRE JERÁRQUICO DEL LUGAR
País o entidad superior Francia -
Ciudad París
752 ## - ENTRADA AGREGADA--NOMBRE JERÁRQUICO DEL LUGAR
País o entidad superior Francia -
Ciudad Abbeville
852 ## - LOCALIZACIÓN
Ubicación ES-MaACL
Número de control de estantería B-6884
Nota libre -- Enc. pasta española
Holdings
Estatus retirado Estado de pérdida Estado de daño No para préstamo Colección Biblioteca de origen Biblioteca actual Ubicación en estantería Fecha de adquisición Fuente de adquisición Total de préstamos Signatura topográfica completa Código de barras Visto por última vez Precio de reemplazo Tipo de ítem Koha
        Libros del s. XIX Biblioteca del Ateneo de Madrid Biblioteca del Ateneo de Madrid Sala Pardo Bazán 17/01/2008     B-6884 1168158 23/02/2023 23/02/2023 Libro impreso antiguo